000 01755 a2200277 4500
003 Nust
005 20170207154037.0
010 _a 2002155887
020 _a0471269239 (PAPER/WEBSITE)
040 _cNust
082 0 0 _a005.7565
100 1 _aMatthews, Mark.
245 1 0 _aMySQL and Java developer's guide (E-BOOK)
_cMark Matthews, Jim Cole, Joseph D. Gradecki.
260 _aNew York :
_bWiley Pub.,
_cc2003.
300 _axxii, 410 p. :
_bill. ;
_c23 cm.
440 0 _aJava open source library
505 _aChapter 1 An Overview of MySQL(Page 1) Chapter 2 JDBC and Connector/J (Page-9) Chapter 3 Working with MySQL SQL25 (Page-25) Chapter 4 Installing MySQL, Java, and Connector/J (Page-61) Chapter 5 Using JDBC with Java Applications and Applets Page 67 Chapter 6 Achieving Advanced Connector/J Functionality with Servlets (Page-119) Chapter 7 MySQL Type Mapping Page-165 Chapter 8 Transactions and Table Locking with Connector/J Page-181 Chapter 9 Using Metadata (Page-197) Chapter 10 Connection Pooling with Connector/J (Page-211) Chapter 11 EJBs with MySQL (Page-223)Chapter 12 Building a General Interface for MySQL(Page-247) Chapter 13 Database Administration (Page287) Chapter 14 Performance and Tuning (Page-305)
650 0 _aJava (Computer program language)
650 0 _aSQL (Computer program language)
651 _aMySQL and Java developer's guide (E-BOOK)
700 1 _aCole, Jim,
_d1964-
700 1 _aGradecki, Joe,
_d1967-
856 4 2 _3Contributor biographical information
_uhttp://www.loc.gov/catdir/bios/wiley045/2002155887.html
856 4 2 _3Publisher description
_uhttp://www.loc.gov/catdir/description/wiley038/2002155887.html
856 4 2 _3Table of contents
_uhttp://www.loc.gov/catdir/toc/wiley031/2002155887.html
942 _2ddc
_cBK
999 _c192410
_d192410